Archaeology in the Holy Land /
Saved in:
Main Author:
Format: Book
Language: English
Published:
New York :
Praeger,
[1960]
Subjects:
Tags: Add Tag
No Tags, Be the first to tag this record!
Call Number: DS111 .K4 1960
| LEADER | 00662namaa2200229 4500 | ||
|---|---|---|---|
| 001 | 3615 | ||
| 003 | OSt | ||
| 005 | 20260505130244.0 | ||
| 008 | 130303s1960 nyua 000 0 eng d | ||
| 010 | |a a 61003042 | ||
| 040 | |c ARCE Library | ||
| 043 | |a awgz--- |a awba--- | ||
| 050 | 4 | |a DS111 .K4 1960 | |
| 100 | 1 | |a Kenyon, Kathleen Mary, |d 1906-1978, |e author | |
| 245 | 1 | 0 | |a Archaeology in the Holy Land / |c Kathleen M. Kenyon. |
| 264 | 1 | |a New York : |b Praeger, |c [1960] | |
| 300 | |a 326 pages : |b illustrations ; |c 22 cm. | ||
| 650 | 0 | |a Excavations (Archaeology) |z Palestine. | |
| 651 | 0 | |a Palestine |x Antiquities. | |
| 901 | |a reviewed | ||
| 942 | |c BK |2 lcc | ||
| 999 | |c 8404 |d 8404 | ||
